MARC details
| 000 -LEADER |
| campo de control de longitud fija |
02481nam a2200397 4500 |
| 001 - NÚMERO DE CONTROL |
| campo de control |
85803 |
| 003 - IDENTIFICADOR DE NÚMERO DE CONTROL |
| campo de control |
SpMaBN |
| 005 - FECHA Y HORA DE LA ÚLTIMA TRANSACCIÓN |
| campo de control |
20260415124143.0 |
| 008 - DATOS DE LONGITUD FIJA--INFORMACIÓN GENERAL |
| campo de control de longitud fija |
011205m20002001sp | ||| ||lat |
| 016 7# - NÚMERO DE CONTROL DE UNA AGENCIA BIBLIOGRÁFICA NACIONAL |
| Número de control del registro |
bimoBNE20011136461 |
| Fuente |
SpMaBN |
| 017 ## - NÚMERO DE COPYRIGHT O DE DEPÓSITO LEGAL |
| Número de copyright o de depósito legal |
B 42445-2000 |
| Agencia que asigna |
Oficina Depósito Legal Barcelona |
| 020 ## - NÚMERO INTERNACIONAL ESTÁNDAR DEL LIBRO |
| Número Internacional Estándar del Libro |
8488526660 |
| 035 ## - NÚMERO DE CONTROL DEL SISTEMA |
| Número de control de sistema |
(OCoLC)434375708 |
| 035 ## - NÚMERO DE CONTROL DEL SISTEMA |
| Número de control de sistema |
(SpMaBN)Mimo0001742217 |
| 040 ## - FUENTE DE CATALOGACIÓN |
| Centro catalogador/agencia de origen |
SpMaBN |
| Lengua de catalogación |
spa |
| Centro/agencia transcriptor |
SpMaBN |
| Normas de descripción |
rdc |
| Centro/agencia modificador |
M-RABA |
| 041 0# - CÓDIGO DE IDIOMA |
| Código de lengua del texto/banda sonora o título independiente |
lat |
| -- |
eng |
| -- |
spa |
| 080 ## - NÚMERO DE LA CLASIFICACIÓN DECIMAL UNIVERSAL |
| Número de la Clasificación Decimal Universal |
091 Beato de Cardeña.07 |
| 080 ## - NÚMERO DE LA CLASIFICACIÓN DECIMAL UNIVERSAL |
| Número de la Clasificación Decimal Universal |
228.07 |
| 100 1# - ENTRADA PRINCIPAL--NOMBRE DE PERSONA |
| Nombre de persona |
Beato de Liébana |
| 9 (RLIN) |
16294 |
| 240 10 - TÍTULO UNIFORME |
| Título uniforme |
In Apocalipsin |
| 245 10 - MENCIÓN DEL TÍTULO |
| Título |
Beato de Liébana |
| Medio |
[Texto impreso] : |
| Resto del título |
códice del Monasterio de San Pedro de Cardeña |
| Mención de responsabilidad, etc. |
[traducción, Anne Barton de Mayor] |
| 260 ## - PUBLICACIÓN, DISTRIBUCIÓN, ETC. |
| Lugar de publicación, distribución, etc. |
Barcelona |
| Nombre del editor, distribuidor, etc. |
M. Moleiro Editor |
| Fecha de publicación, distribución, etc. |
2000-2001 |
| 300 ## - DESCRIPCIÓN FÍSICA |
| Extensión |
2 v. |
| Otras características físicas |
il. col. |
| Dimensiones |
48, 34 cm |
| 500 ## - NOTA GENERAL |
| Nota general |
Vol. 1 ([284] p.) es reprod. facs. del ms. conservado en el Museo Arqueológico Nacional (ms. 2), Biblioteca Francisco de Zabalburu, The Metropolitan Museum of Art y Museo Diocesano de Gerona |
| 500 ## - NOTA GENERAL |
| Nota general |
Vol. 2 (363 p.) contiene estudios de Ángela Franco Mata ... [et al.] |
| 546 ## - NOTA DE IDIOMA |
| Nota de lengua/lenguaje |
Texto del ms. en latín; volumen de estudios en español e inglés |
| 630 07 - PUNTO DE ACCESO ADICIONAL DE MATERIA--TÍTULO UNIFORME |
| Título uniforme |
Beato de Cardeña |
| Subdivisión de forma |
Facsímiles |
| Fuente del encabezamiento o término |
embne |
| 630 07 - PUNTO DE ACCESO ADICIONAL DE MATERIA--TÍTULO UNIFORME |
| Título uniforme |
Biblia. |
| Nombre de parte o sección de la obra |
N.T. |
| -- |
Apocalipsis |
| Subdivisión de forma |
Comentarios |
| Fuente del encabezamiento o término |
embne |
| 9 (RLIN) |
87058 |
| 655 #7 - TERMINO DE INDIZACIÓN--GENERO/FORMA |
| Datos o término principal de género/forma |
Beatos |
| Fuente del término |
tgfbne |
| 700 1# - ENTRADA AGREGADA--NOMBRE PERSONAL |
| Nombre de persona |
Franco Mata, María Ángela |
| Fechas asociadas al nombre |
1944- |
| 710 2# - ENTRADA AGREGADA--NOMBRE DE ENTIDAD CORPORATIVA |
| Nombre de entidad corporativa o nombre de jurisdicción como elemento de entrada |
Museo Arqueológico Nacional (España) |
| Subencabezamiento de forma |
Manuscrito. |
| Número del congreso/reunión o número de parte o sección |
2 |
| 730 0# - ASIENTO SECUNDARIO--TITULO UNIFORME |
| Título uniforme |
Biblia. |
| Nombre de parte o sección de la obra |
N.T. |
| -- |
Apocalipsis |
| Lenguaje de la obra |
Latín |
| 852 ## - LOCALIZACIÓN |
| Número de control de estantería |
D-414 ; D-415 |
| 856 41 - LOCALIZACIÓN Y ACCESO ELECTRÓNICOS |
| Identificador Uniforme de Recurso |
<a href="https://bnedigital.bne.es/bd/card?id=f3a953bf-2f5f-4101-a05a-7b8bac030841">https://bnedigital.bne.es/bd/card?id=f3a953bf-2f5f-4101-a05a-7b8bac030841</a> |
| Texto de enlace |
BNE Digital |
| Nota pública |
acceso y/o uso restringido |
| 942 ## - ELEMENTOS DE ENTRADA SECUNDARIOS (KOHA) |
| Tipo de ítem Koha |
Fondo moderno |
| Suprimir en OPAC |
No |